| 000 | 00837nam a2200325Ia 4500 | ||
|---|---|---|---|
| 001 | 9404 | ||
| 005 | 20240113234204.0 | ||
| 007 | ta | ||
| 008 | 170221s1995 ii a g b000 u asm u | ||
| 020 | _a81-7339-098-3 | ||
| 040 | _aCotton College,Assam | ||
| 041 | _aasm | ||
| 082 |
_a891.41408 _bKo 849 Bh |
||
| 100 | _aKonwar, Aparna . | ||
| 245 | 0 |
_aBhasa Sahitya Adhyayan / _cAparna Konwar. _hTextual Documents |
|
| 250 | _a1st ed. / | ||
| 260 |
_aGuwahati : _bBanalata , _c1995. |
||
| 300 |
_a225p. : _bill. ; _c22cm . |
||
| 653 | _aAssamese Essay-Collections | ||
| 653 | _aMS-Assamese | ||
| 653 | _aAssamese Language | ||
| 653 | _aAssamese Literature | ||
| 653 | _aG-Assamese | ||
| 942 |
_2ddc _cBK |
||
| 999 |
_c9391 _d9391 |
||